| 000 | 00398nam a2200181Ia 4500 | ||
|---|---|---|---|
| 008 | 240510s9999 xx 000 0 und d | ||
| 041 | _asih | ||
| 082 | _a920 | ||
| 082 | _bK16 | ||
| 100 | _aKARUNARATHNE,DEVID | ||
| 245 | 0 | _aSri Wajragnana Charithaya | |
| 260 | _bColombo:Siri Wajiraramaya | ||
| 260 | _c2018 | ||
| 300 | _a116 p. | ||
| 650 | _aBiography | ||
| 942 | _2ddc | ||
| 942 | _cLBK | ||
| 999 |
_c29467 _d29467 |
||
| 945 |
_a1 _bMadushi Gamage _c1 _dMadushi Gamage |
||